| 000 | 00490nam a2200169 a 4500 | ||
|---|---|---|---|
| 005 | 20140412111224.0 | ||
| 008 | 020410s19uu xx 00 eng d | ||
| 020 | _a0-87966-611-0 | ||
| 050 |
_aTR(GS 428.4 _bB57o 1981 |
||
| 100 | _aBoning, Richard A. | ||
| 245 |
_aUsing guide words D1 through D4 / _cRichard A. Boning. |
||
| 260 |
_aNew York : _bBarnell Loft, Ltd, _c1981. |
||
| 300 | _a1 v. (unp.) ; ill. | ||
| 440 | _aSupportive Reading Skills | ||
| 650 | _aReading | ||
| 999 |
_c102000 _d102000 |
||